Spell the Capital of Madagascar - Statistics

General Stats
  • This quiz has been taken 210 times
  • The average score is 11 of 12
Answer Stats
Capital % Correct
A
100%
n
98%
t
97%
a
96%
n
95%
a
93%
a
92%
n
92%
r
91%
i
90%
o
87%
v
87%
No matching quizzes found
Score Distribution
Percent of People with Each Score
Percentile by Number Answered
Your Score History
You have not taken this quiz